How to build a successful management team (Record no. 70288)

MARC details
000 -LEADER
fixed length control field 00924cam a2200205 4500
001 - CONTROL NUMBER
control field ABS65466
008 - FIXED-LENGTH DATA ELEMENTS--GENERAL INFORMATION
fixed length control field 020520n2002 000 0 eng u
035 ## - SYSTEM CONTROL NUMBER
System control number (Sirsi) u118045
100 ## - MAIN ENTRY--PERSONAL NAME
Personal name Graham, T
245 ## - TITLE STATEMENT
Title How to build a successful management team
260 ## - PUBLICATION, DISTRIBUTION, ETC.
Date of publication, distribution, etc. 2002
490 ## - SERIES STATEMENT
Series statement CSM (Chartered Surveyor Monthly)
Volume/sequential designation May 2002,16-17(2)
520 ## - SUMMARY, ETC.
Summary, etc. A surveying practice needs effective and focused management to succeed. Reviews key team building issues: avoiding the top five management flaws; looking at the duties of the senior management team; the role of the finance team; managing for growth; working together and inner and outer teams. Concludes with a blueprint for a management team for a surving practice of £5-£50 million turnover.
590 ## - LOCAL NOTE (RLIN)
Local note ABS
650 ## - SUBJECT ADDED ENTRY--TOPICAL TERM
Topical term or geographic name entry element MANAGEMENT TEAM
650 ## - SUBJECT ADDED ENTRY--TOPICAL TERM
Topical term or geographic name entry element SURVEYING PRACTICES
650 ## - SUBJECT ADDED ENTRY--TOPICAL TERM
Topical term or geographic name entry element TEAMWORK
690 ## - LOCAL SUBJECT ADDED ENTRY--TOPICAL TERM (OCLC, RLIN)
Topical term or geographic name as entry element MANAGEMENT-BUSINESS MANAGEMENT
942 ## - ADDED ENTRY ELEMENTS (KOHA)
Suppress in OPAC 0
Holdings
Withdrawn status Lost status Source of classification or shelving scheme Damaged status Not for loan Home library Current library Shelving location Date acquired Total Checkouts Full call number Barcode Date last seen Copy number Price effective from Koha item type
    Dewey Decimal Classification     London London Journal article 20/05/2002   ABS65466 118045-1001 06/08/2019 1 06/08/2019 Journal article